000 00860cab a22002175a 4500
001 L137860
008 070502e20070427xxkdo f 000 0 eng d
035 _a(Sirsi) u137860
041 0 _aeng
100 1 _aMcAllister, Sean
245 0 0 _aResidential and regeneration
260 _c2007
490 _aProperty Week
_v72(19) 27 April 2007, 91-99(6)
520 _aDiscusses Frontier Estates' new residential company, Frontier Homes. Examines why investors are staying away from residential investment despite positive figures in the IPD index. Notes that the North West's housing market is vulnerable to interest rate rises. Includes a directory of land and sites.
590 _aKA
651 4 _aGREAT BRITAIN
690 _aPROPERTY-RESIDENTIAL PROPERTY-RESIDENTIAL PROPERTY MARKET
700 1 _aLawson, David
700 1 _aPercival, Phil
942 _n0
999 _c78728
_d78728